000 00258nam a22001097a 4500
999 _c12556
_d12556
020 _a9798174733640
082 _a150
100 _aKumar, Mohan
245 _aEncyclopedic Dictionary of Psychology
260 _aIndia
_bA.I.T.B.S. Publishers
_c2007
942 _cBK